Представление документа в формате RUSMARC

ПолеНазваниеЗначение
  Тип записи a
  Библиографический уровень m
001 Контрольный номер ea73688748154ca385bdbea270006080
005 Дата корректировки 20140923135831.2
010 Индекс ISBN __
a ISBN 5-318-00081-9
010 Индекс ISBN __
a ISBN 0-7494-3199-7
200 Заглавие и сведения об ответственности 1_
a Заглавие Теория и практика тренинга
f Первые сведения об ответственности Пер.с англ.А.Татлыбаевой
205 Сведения об издании __
b Дополнительные сведения об издании 4-е междунар.издание
210 Выходные данные 1_
a Место издания СПб.
c Издательство Питер
d Дата издания 2002
215 Физическое описание __
a Объем 351 с.
225 Серия 2_
a Серия Серия "Эффективный тренинг"
610 Ключевые слова 0_
a Ключевые слова тренинг
610 Ключевые слова 0_
a Ключевые слова аудит тренинга
610 Ключевые слова 0_
a Ключевые слова психология управления
686 Индексы других классификаций __
a Классификационный индекс 88.59
2 Код системы rubbk
700 Автор _1
a Фамилия Бакли Роберт
701 Альтернативная интеллектуальная ответственность _1
a Фамилия Кэйпл Джим
801 Источник записи _0
a Страна RU
b Организация РУК
c Дата составления 20020518
g Правила каталогизации PSBO
801 Источник записи _1
a Страна RU
b Организация РУК
c Дата составления 20020518
g Правила каталогизации PSBO
852 Данные о местонахождении __
i Авторский знак Б19
j Шифр хранения ББК 88
901 Тип документа __
t Тип документа m
938 Служебная информация __
a Название организации Головной вуз
b Имя БД BOOK
c Название АИБС АИБС ИРБИС